|
|
|
|
| LEADER |
00000nam a22000007a 4500 |
| 005 |
20210504000151.0 |
| 007 |
cr|||| |||| |
| 008 |
210504s2019 co |||||s|||| 00||0 spa d |
| 020 |
|
|
|a 978-958-665-566-8
|
| 035 |
|
|
|a 33248
|
| 040 |
|
|
|a vLex
|
| 090 |
|
|
|c 11606
|d 11606
|
| 100 |
1 |
|
|a Cattoni de Oliveira, Marcelo A.
|
| 245 |
1 |
2 |
|a El acceso a la justicia
|h [Recurso electrn̤ico] :
|b teora̕ y prc̀tica desde una perspectiva comparada /
|c Marcelo A. Cattoni de Oliveira
|
| 256 |
|
|
|a Servicio en ln̕ea
|
| 260 |
|
|
|a Bogot:̀
|b Siglo del Hombre Editores,
|c 2019
|
| 300 |
|
|
|a 1 recurso electrn̤ico
|
| 500 |
|
|
|a El derecho de acceso a la justicia es fundamental para el marco conceptual en el que se afianzan las democracias liberales. Este libro tiene dos objetivos principales, que se relacionan directamente con esta premisa. El primero, examinar de manera crt̕ica los fundamentos ter̤icos del derecho de acceso a la justicia. El segundo objetivo es examinar ejemplos concretos, actuales, de una realidad caracterizada por un persistente acceso desigual a la justicia. Los estudios que constituyen esta parte del libro muestran las formas en que este derecho es polt̕ica y jurd̕icamente relevantes para Amřica Latina, Estados Unidos y Europa, como la teora̕ del contrato social argumenta que debera̕ ser.
|
| 506 |
1 |
|
|a Disponible solo en los productos indicados
|d vLex Global
|d vLex Global (Academic Edition, excluding Law Schools)
|d vLex Global (U.S. Academic Edition, Law Schools)
|d vLex Global (U.S. Academic Edition, excluding Law Schools)
|d vLex Global (Academic Edition, Law Schools)
|
| 650 |
0 |
4 |
|a Ciencias sociales
|z Colombia
|
| 740 |
0 |
|
|a vLex Libros (Servicio en ln̕ea)
|
| 856 |
4 |
0 |
|u https://vlex.com/source/acceso-a-la-justicia-teoria-y-practica-desde-una-perspectiva-comparada-33248
|z Acceso restringido
|
| 942 |
|
|
|c BOOK
|
| 999 |
0 |
|
|a Social Sciences
|